000
00306nam a2200109Ia 4500
008
220216s9999 xx 000 0 und d
245
0
_a
RRIM 700 series clones trials (Second and third selections) : Fourth report
260
_b
Planters Bulletin
_c
1971
300
_a
210-213
650
_a
Growth
942
_c
JS
999
_c
67334
_d
67334